000 00731pam a2200241 a 4500
001 3033264
005 20231124003033.0
008 950504s1996 enk b 001 0 eng
020 _a0415111080
020 _a0415111099
040 _aDLC
_cDLC
_dDLC
082 0 0 _a305.42
_220
245 0 0 _aPractising feminism :
_bidentity, difference, power /
_cedited by Nickie Charles and Felicia Hughes-Freeland.
260 _aLondon ;
_aNew York :
_bRoutledge,
_c1996.
300 _axi, 228 p. ;
650 0 _aFeminism
650 0 _aFeminist theory
650 0 _aWomen
700 1 _aCharles, Nickie.
_eedt
700 2 _aHughes-Freeland, Felicia,
_eedt
856 4 2 _uhttp://www.loc.gov/catdir/enhancements/fy0648/95019337-d.html
942 _cL
999 _c69
_d69